00616cam3a220021700 4500001001200000008004100012035001900053035001800072100002700090245004800117260001000165949004200175004000600217591002400223591004300247591001700290591003500307591002800342909000900370999001900379zam00002854951128s1973 xx eng u a(Sirsi) r88023 a(MACHINE)SLC. aBeyer, J. C.6A47603.110aBudget innovations in developing countries. c1973. aHJ2169.N15wlccmMAINtBOOKlON-SHELF88023 aClass code: PA 351. aCourse: Public finance administration. aSchool: S05. aLecturer: Dr. MPHAISHA, C.J.J. aNumber of Students: 68. aBook c152880d152880